000 00439nam a2200181Ia 4500
001 18838
005 20260306171700.0
008 260306s9999||||xx |||||||||||||| ||und||
041 _aESP
082 _a658.5
_bR73
100 _aRodrigo Illera, Carlos
_eAUT
245 0 _aDirección y gestión de la producción
260 _c2011
300 _a533 páginas :
_c25 cm.
650 _aGEN
654 _aCAN
942 _cLIB
_dJUS
_fJUS
_2ddc
_n
999 _c18838
_d18838